| 000 | 00762nam a22002651c 4500 | ||
|---|---|---|---|
| 001 | a987666629 | ||
| 008 | 110117s1999 gw |||| 000u rus d | ||
| 041 | _arus | ||
| 245 | 0 | 0 |
_aVlast' i intelligencija v sibirskoj provincii : _bu istokov sovetskoj modernizacii 1926-1932 ; sbornik dokumentov |
| 264 |
_aNovosibirsk : _bIzd. Inst. archeologii i etnografii SO RAN, _c1999 |
||
| 300 | _a360 S. | ||
| 650 | 0 | _aGesellschaft | |
| 650 | 0 | _aStalinismus | |
| 650 | 0 | _aUniversität | |
| 650 | 0 | _aBildung | |
| 650 | 0 | _aAlltag | |
| 650 | 0 | _aProvinz | |
| 651 | 0 | _aSibirien | |
| 651 | 0 | _a | |
| 710 | 2 | _aRAN / Sibirskoe otdelenie / Inst. istorii | |
| 710 | 2 | _aGos. archiv Novosibirskoj oblasti | |
| 942 | _cMG | ||
| 040 | _cRU-10907106 | ||
| 003 | RU-10907106 | ||
| 999 |
_c39337 _d39337 |
||